Politiques, sexualités /

Gardado en:
Detalles Bibliográficos
Outros autores: Boni, Livio, (1973- ) (Editor), Cavazzini, Andrea, (1962- ) (Editor)
Formato: Libro
Idioma:francés
Lingua italiana
inglés
Publicado: Milano ; Udine : Mimesis, 2009
Series:La rosa di nessuno ; 4
Subjects:
Tags: Engadir etiqueta
Sen Etiquetas, Sexa o primeiro en etiquetar este rexistro!

MARC

LEADER 00000nam a22000007i 4500
001 IT\ICCU\MIL\0853612
003 ItRI
005 20260115232148.0
008 131216s2009 it |||||| ||||| |||||c
020 |a 9788884839503 
040 |b ita  |c importazione bologna sebina 
041 7 |a fre  |a ita  |a eng  |2 ISO-639-2 
082 |a 306.7  |9 ISTITUZIONI ATTINENTI ALLE RELAZIONI TRA I SESSI  |2 20 
245 0 0 |a Politiques, sexualités /  |c sous la direction de Livio Boni, Andrea Cavazzini. 
246 1 1 |a Politiche, sessualità  |9 IT\ICCU\MIL\0853613 
260 |a Milano ;  |a Udine :  |b Mimesis,  |c 2009 
300 |a 214 p. ;  |c 24 cm 
650 7 |a Sesso e società  |x Sec. 20.  |2 scbi 
700 1 |a Boni, Livio,  |d  (1973- )  |0 IT\ICCU\PUVV\342136  |4 edt 
700 1 |a Cavazzini, Andrea,  |d  (1962- )  |0 IT\ICCU\MILV\148917  |4 edt 
830 3 |a La rosa di nessuno ;  |v 4  |0 IT\ICCU\RAV\1424180 
942 |2 ddc  |c BK  |n 0 
952 |0 0  |1 0  |4 0  |6 DOC_306_700000000000000_BON  |7 0  |9 21192  |a BO  |b BO  |d 2026-01-15  |i 20216  |l 0  |o DOC 306.7 BON  |p BO20216  |r 2026-01-15 23:21:48  |w 2026-01-15  |x [Sebina 5] [1 v.]  |y BK  |z 1 v. 
999 |c 18108  |d 18108